Word Ladder: Solid Fossil Fuel Quiz Stats

 Plays Quiz Updated Jul 29, 2014

Support Sporcle.
Go Orange.
Score 0/24 Timer 03:00
2 Plays Today
Clues 4-Letter Word % Correct
Disney's 'The Jungle _______'BOOK
98.4%
Heavy footwearBOOT
97.9%
'The Big _____ Theory'BANG
97.7%
Opposite of upDOWN
97.3%
Sea vesselBOAT
97.1%
Winter clothingCOAT
97%
A group of musiciansBAND
96.1%
007BOND
96%
Bottom of a shoeSOLE
96%
Small cityTOWN
95.9%
Store discount eventSALE
95.7%
Start of the dayDAWN
94.8%
Clues 4-Letter Word % Correct
Secure place for valuablesSAFE
94.7%
Like a house, after finding a buyerSOLD
94.6%
Form of a solid mined fossil fuelCOAL
94.4%
A place to have a latteCAFÉ
94.2%
Darkened fontBOLD
94.1%
Bugs, Daffy or Pluto, e.g.TOON
89.5%
Pippin, the HobbitTOOK
86.6%
A mild curseDANG
76.1%
Slang for a palDAWG
75.4%
Cod or May, e.g.CAPE
73.4%
Deal with a problem or issueCOPE
67.9%
Form of a solid mined fossil fuelCOKE
27.8%

Today's Daily Dose

You're not logged in!

Compare scores with friends on all Sporcle quizzes.
OR
Log In

From the Vault

Famous Fivesomes

by BlueWingX

Grab a fifth, plead the fifth, or play a perfect fifth. This quiz of grouped fives will start in 1, 2, 3, 4....
Remove Ads.
Support Sporcle.
Get the best of Sporcle when you Go Orange. This ad-free experience offers more features, more stats, and more fun while also helping to support Sporcle. Thank you for becoming a member.

Show Comments

Extras

Top Quizzes Today


Score Distribution

Your Account Isn't Verified!

In order to create a playlist on Sporcle, you need to verify the email address you used during registration. Go to your Sporcle Settings to finish the process.

Report this User

Report this user for behavior that violates our Community Guidelines.

Details: